| Tag |
First Indicator |
Second Indicator |
Subfields |
| LEADER |
00000cam a2200000 i 4500 |
| 001 |
in00002782593 |
| 005 |
20151202171804.0 |
| 008 |
111108t20122012enka b 001 0 eng |
| 010 |
|
|
|a 2011046378
|
| 020 |
|
|
|a 9780521863650 (hardback)
|
| 020 |
|
|
|a 0521863651 (hardback)
|
| 020 |
|
|
|a 9780521682275 (paperback)
|
| 020 |
|
|
|a 0521682274 (paperback)
|
| 035 |
|
|
|a (OCoLC)ocn762373240
|
| 040 |
|
|
|a DLC
|e rda
|c DLC
|d UtOrBLW
|
| 049 |
|
|
|a TXAM
|
| 050 |
0 |
0 |
|a BV5082.3
|b .C35 2012
|
| 082 |
0 |
0 |
|a 248.2/2
|2 23
|
| 245 |
0 |
4 |
|a The Cambridge companion to Christian mysticism /
|c [edited by] Amy Hollywood, Harvard Divinity School, Patricia Z. Beckman, St. Olaf College.
|
| 264 |
|
1 |
|a Cambridge ;
|a New York :
|b Cambridge University Press,
|c [2012]
|
| 264 |
|
4 |
|c ©2012
|
| 300 |
|
|
|a xii, 390 pages :
|b illustrations ;
|c 24 cm.
|
| 336 |
|
|
|a text
|b txt
|2 rdacontent
|
| 337 |
|
|
|a unmediated
|b n
|2 rdamedia
|
| 338 |
|
|
|a volume
|b nc
|2 rdacarrier
|
| 490 |
1 |
|
|a Cambridge companions to religion
|
| 504 |
|
|
|a Includes bibliographical references (pages 351-370) and indexes.
|
| 505 |
0 |
0 |
|t Introduction /
|r Amy Hollywood and Patricia Z. Beckman --
|t Part I. Contexts: Early monasticism /
|r Douglas Burton-Christie --
|t Song, experience, and the book in Benedictine monasticism /
|r Amy Hollywood --
|t New religious movements in medieval western Europe /
|r Walter Simons --
|t Early modern reformations /
|r Edward Howells --
|t Part II. Key Terms: Apophatic and cataphatic theology /
|r Andrew Louth --
|t Lectio divina /
|r E. Ann Matter --
|t Meditatio/meditation /
|r Thomas Bestul --
|t Oratio/prayer /
|r Rachel Fulton Brown --
|t Visio/vision /
|r Veerle Fraeters --
|t Raptus/rapture /
|r Dyan Elliott --
|t Unio mystica/mystical union /
|r Bernard McGinn --
|t Actio et contemplatio/action and contemplation /
|r Charlotte Radler --
|t Part III. Contemporary Questions: Latin and the vernaculars /
|r Barbara Newman --
|t Transmission /
|r Sara S. Poor --
|t Writing /Charles M. Stang --
|t The body and its senses /
|r Patricia Dailey --
|t Mysticism and visuality /
|r Jeffrey Hamburger --
|t Emotions /
|r Fiona Somerset --
|t Authority /
|r Mary Frohlich --
|t Gender /
|r Alison Weber --
|t Sexuality /
|r Constance Furey --
|t Time and memory /
|r Patricia Dailey.
|
| 520 |
|
|
|a The Cambridge Companion to Christian Mysticism is a multi-authored interdisciplinary guide to the study of Christian mysticism, with an emphasis on the third through the seventeenth centuries. This book looks beyond the term 'mysticism', which was an early modern invention, to explore the ways in which the ancient terms 'mystic' and 'mystical' were used in the Christian tradition: what kinds of practices, modes of life and experiences were described as 'mystical'? What understanding of Christianity and of the life of Christian perfection is articulated through mystical interpretations of scripture, mystical contemplation, mystical vision, mystical theology or mystical union? This volume both provides a clear introduction to the Christian mystical life and articulates a bold new approach to the study of mysticism.
|
| 650 |
|
0 |
|a Mysticism.
|
| 650 |
|
7 |
|a RELIGION / General.
|2 bisacsh
|
| 700 |
1 |
|
|a Hollywood, Amy M.,
|d 1963-
|
| 700 |
1 |
|
|a Beckman, Patricia Z.,
|d 1967-
|
| 830 |
|
0 |
|a Cambridge companions to religion.
|
| 945 |
|
|
|a PromptCat
|b 125042
|
| 946 |
|
|
|a stk
|
| 947 |
|
|
|a A14835938227
|
| 948 |
|
|
|a cataloged
|b h
|c 2012/12/21
|d c
|e dmitchel
|f 12:30:20 pm
|
| 994 |
|
|
|a 92
|b TXA
|
| 999 |
|
|
|a MARS
|
| 999 |
f |
f |
|s 16945d98-9ac1-3ddc-9595-5bf3ac2a9963
|i 95d2fd9f-878a-3eeb-a4f1-3b2abd75a9e5
|t 0
|
| 952 |
f |
f |
|p normal
|a Texas A&M University
|b College Station
|c Sterling C. Evans Library
|d Evans: Library Stacks
|t 0
|e BV5082.3 .C35 2012
|h Library of Congress classification
|i unmediated -- volume
|m A14835938227
|
| 998 |
f |
f |
|a BV5082.3 .C35 2012
|t 0
|l Evans: Library Stacks
|